| 000 | 00642nam a22002172 4500 | ||
|---|---|---|---|
| 001 | 0000011900 | ||
| 005 | 20151217152103.0 | ||
| 008 | 090119s xx 000 0 eng d | ||
| 020 | _a0135046459 : | ||
| 040 |
_aKABU _cKABU |
||
| 100 | 1 |
_aKeown, Arthur J. _@0000167948 |
|
| 245 | 1 | 0 |
_aPersonal finance : _bturning money into wealth / _cArthur J. Keown. |
| 250 | _a4th ed. | ||
| 260 |
_aLondon : _bPearson Educ., _c2007. |
||
| 300 | _axxxi, 640. p. | ||
| 650 | 0 |
_aFinance, Personal. _@0000152441 |
|
| 650 | 0 |
_aInvestment. _@0000167949 |
|
| 852 | 1 | _9p3950 KES | |
| 908 | _a090119 | ||
| 950 | _@1 | ||
| 999 |
_c8087 _d8087 |
||